Longman Introductory course for the TOEFL test (kèm đĩa CD)

Na minha lista:
Detalhes bibliográficos
Autor principal: Phillips, Deborah
Formato: Livro
Idioma:Undetermined
Publicado em: Tp. HCM Trẻ 2002
Assuntos:
Tags: Adicionar Tag
Sem tags, seja o primeiro a adicionar uma tag!
Thư viện lưu trữ: Trung tâm Học liệu Trường Đại học Cần Thơ
LEADER 00577nam a2200193Ia 4500
001 CTU_52235
008 210402s9999 xx 000 0 und d
020 |b 55000 
082 |a 428.0076 
082 |b P558 
100 |a Phillips, Deborah 
245 0 |a Longman Introductory course for the TOEFL test (kèm đĩa CD) 
245 0 |c Deborah Phillips 
260 |a Tp. HCM 
260 |b Trẻ 
260 |c 2002 
650 |a english language,english language 
650 |x examinations,textbooks for foreihn speakers 
980 |a Trung tâm Học liệu Trường Đại học Cần Thơ